<?xml version="1.0" encoding="UTF-8"?>
<collection xmlns="http://www.loc.gov/MARC21/slim">
 <record>
  <leader>01220nam a2200325 a 4500</leader>
  <controlfield tag="001">000003845</controlfield>
  <controlfield tag="003">00008</controlfield>
  <controlfield tag="005">20180301144542.0</controlfield>
  <controlfield tag="008">171229s2018                        vie</controlfield>
  <controlfield tag="004">000003845</controlfield>
  <datafield tag="040" ind1=" " ind2=" ">
   <subfield code="a">LSK</subfield>
  </datafield>
  <datafield tag="041" ind1="0" ind2=" ">
   <subfield code="a">VIE</subfield>
  </datafield>
  <datafield tag="082" ind1="0" ind2=" ">
   <subfield code="a">306.4</subfield>
   <subfield code="b">Ki-T</subfield>
  </datafield>
  <datafield tag="245" ind1="0" ind2="0">
   <subfield code="a">Kiến thức ngày nay.</subfield>
  </datafield>
  <datafield tag="260" ind1=" " ind2=" ">
   <subfield code="b">Liên hiệp các hội văn học nghệ thuật TP HCM,</subfield>
   <subfield code="c">2018.</subfield>
  </datafield>
  <datafield tag="852" ind1=" " ind2=" ">
   <subfield code="a">Phòng Đọc</subfield>
  </datafield>
  <datafield tag="901" ind1=" " ind2=" ">
   <subfield code="a">1</subfield>
  </datafield>
  <datafield tag="927" ind1=" " ind2=" ">
   <subfield code="a">Ấn phẩm định kỳ</subfield>
  </datafield>
  <datafield tag="OWN" ind1=" " ind2=" ">
   <subfield code="a">LSK</subfield>
  </datafield>
  <datafield tag="AVA" ind1=" " ind2=" ">
   <subfield code="a">UDN50</subfield>
   <subfield code="b">LSK</subfield>
   <subfield code="d">306.4 Ki-T</subfield>
   <subfield code="e">available</subfield>
   <subfield code="t">Error 5001 Not defined in file expand_doc_bib_avail.</subfield>
   <subfield code="f">1</subfield>
   <subfield code="g">0</subfield>
   <subfield code="h">N</subfield>
   <subfield code="i">0</subfield>
   <subfield code="k">1</subfield>
  </datafield>
  <datafield tag="999" ind1=" " ind2=" ">
   <subfield code="a">From the UDN01</subfield>
  </datafield>
  <datafield tag="852" ind1="1" ind2=" ">
   <subfield code="b">LSK</subfield>
   <subfield code="h">306.4</subfield>
   <subfield code="i">Ki-T</subfield>
  </datafield>
  <datafield tag="853" ind1=" " ind2=" ">
   <subfield code="a">986</subfield>
   <subfield code="b">no.</subfield>
   <subfield code="u">36</subfield>
   <subfield code="v">r</subfield>
   <subfield code="i">2018</subfield>
   <subfield code="j">1</subfield>
   <subfield code="k">1</subfield>
   <subfield code="w">j</subfield>
   <subfield code="y">pd0101,0110,0120,0201,0210,0220,0301,0310,0320,0401,0410,0420,0501,0510,0520,0601,0610,0620,0701,0710,0720,0801,0810,0820,0901,0910,0920,1001,1010,1020,1101,1110,1120,1201,1210,1220</subfield>
  </datafield>
  <datafield tag="853" ind1="X" ind2=" ">
   <subfield code="9">00001</subfield>
   <subfield code="a">1</subfield>
   <subfield code="b">1</subfield>
   <subfield code="i">2008</subfield>
   <subfield code="j">1</subfield>
   <subfield code="k">1</subfield>
   <subfield code="3">20080101</subfield>
  </datafield>
  <datafield tag="AVA" ind1=" " ind2=" ">
   <subfield code="a">UDN50</subfield>
   <subfield code="b">LSK</subfield>
   <subfield code="d">306.4 Ki-T</subfield>
   <subfield code="e">available</subfield>
   <subfield code="t">Error 5001 Not defined in file expand_doc_bib_avail.</subfield>
   <subfield code="f">1</subfield>
   <subfield code="g">0</subfield>
   <subfield code="h">N</subfield>
   <subfield code="i">0</subfield>
   <subfield code="k">1</subfield>
  </datafield>
  <datafield tag="TYP" ind1=" " ind2=" ">
   <subfield code="a">Monograph</subfield>
  </datafield>
  <datafield tag="TYP" ind1=" " ind2=" ">
   <subfield code="a">Printed language</subfield>
  </datafield>
  <datafield tag="980" ind1=" " ind2=" ">
   <subfield code="a">Mạng thư viện Đại học Đà Nẵng</subfield>
  </datafield>
 </record>
</collection>
